Paradigma didaktiky informatiky

Prezentácia niektorých pohľadov na didaktiku informatiky. Popis niektorých partikulárnych pohľadov vzdelávania informatiky ako počítačovej vedy alebo ako softvérového inžinierstva. Pojem informatika a informačné a komunikačné technológie. Didaktika informatiky.

Na minha lista:
Detalhes bibliográficos
Autor principal: Čandík, Marek
Formato: Capítulo de Livro
Idioma:tcheco
Assuntos:
Tags: Adicionar Tag
Sem tags, seja o primeiro a adicionar uma tag!

MARC

LEADER 00000naa$a2200000$$$4500
001 0045079
005 20231010123958.3
041 0 |a cze 
044 |a SK 
245 1 0 |a Paradigma didaktiky informatiky  |c Marek Čandík 
520 |a Prezentácia niektorých pohľadov na didaktiku informatiky. Popis niektorých partikulárnych pohľadov vzdelávania informatiky ako počítačovej vedy alebo ako softvérového inžinierstva. Pojem informatika a informačné a komunikačné technológie. Didaktika informatiky. 
610 2 0 |a informatika 
610 2 0 |a inžinierstvo softvérové 
610 2 0 |a didaktika 
610 2 0 |a jazyky programovacie 
610 2 0 |a technológie informačné 
610 2 0 |a technológie komunikačné 
610 2 0 |a vzdelávanie 
610 2 0 |a výučba vedecká 
100 1 |a Čandík, Marek